Statika stavebných konštrukcií II. : Maticová analýza konštrukcií.Príklady

Saved in:
Bibliographic Details
Main Authors: Pekarovič, Ján (Author), Sobota, Ján (Author)
Format: Book
Language:Slovak
Published: Bratislava : SVŠT v Bratislave, 1982
Tags: Add Tag
No Tags, Be the first to tag this record!

MARC

LEADER 00000nam a22000003a 4500
001 stu90486
005 20150617225625.6
008 040930s1982----cs------------------slo-d
040 |a STU  |b slo 
041 0 |a slo 
044 |a cs 
080 |a 624.041(075.8)  |7 stu_us_auth*stu4346 
080 |a 512.64(075.8) 
100 1 |a Pekarovič, Ján  |4 aut 
245 1 |a Statika stavebných konštrukcií II. :  |b Maticová analýza konštrukcií.Príklady 
260 |a Bratislava :  |b SVŠT v Bratislave,  |c 1982 
300 |a 315 s 
700 1 |a Sobota, Ján  |4 aut 
996 |b 284V025497  |c V*11812/S-82  |l VVS  |s A  |a 24  |w stu90486_0001 
996 |b 284V023546  |c V*22628/O-8939II.  |l VVT  |s A  |a 24  |w stu90486_0002 
996 |b 284V025498  |c V*11841/S-82  |l VVS  |s A  |a 24  |w stu90486_0003